Normal view
MARC view
- Shelton, J. C.
Entry Personal Name
001 - CONTROL NUMBER
- control field: 81362
003 - CONTROL NUMBER IDENTIFIER
- control field: NUST
005 - DATE AND TIME OF LATEST TRANSACTION
- control field: 20210810103422.0
008 - FIXED-LENGTH DATA ELEMENTS
- fixed length control field: 210810|| aca||aabn | a|a d
040 ## - CATALOGING SOURCE
- Original cataloging agency: NUST
- Transcribing agency: NUST
100 ## - HEADING--PERSONAL NAME
- Personal name: Shelton, J. C.
- Fuller form of name: (Julia C.)
670 ## - SOURCE DATA FOUND
- Source citation: Work cat.: (NUST)34064: Optical Measurement Methods in Biomechanics /, 1997.
